000 00624nam a2200193 i 4500
001 27823
003 ES-MaACL
005 20250929063056.0
007 t|
008 030115s1969 sp ||||1| spa d
100 1 _aBabin, Pierre,
_d1925-2012
_924418
245 1 0 _aAmistad
_b: educación de los adolescentes en la fe /
_cPierre Babin ; [Versión dirigida por José Manuel Estepa Llaurens].
250 _a[2ª ed.].
260 _aMadrid :
_bMarova,
_c[1969]
300 _a141 p. ;
_c22 cm.
700 1 _aEstepa Llaurens, José Manuel.
_948112
852 _aES-MaACL
_jC-46975
_bR.68955
999 _c27823
_d27823